Vista normal Vista MARC

Entrada Topical Term

Número de registros utilizados en: 4

001 - CONTROL NUMBER

  • control field: 1716

003 - CONTROL NUMBER IDENTIFIER

  • control field: OSt

005 - DATE AND TIME OF LATEST TRANSACTION

  • control field: 20200320102549.0

008 - FIXED-LENGTH DATA ELEMENTS

  • fixed length control field: 200320|| aca||aabn | a|a d

040 ## - CATALOGING SOURCE

  • Original cataloging agency: OSt
  • Transcribing agency: OSt

150 ## - HEADING--TOPICAL TERM

  • Topical term or geographic name entry element: Relatos

670 ## - SOURCE DATA FOUND

  • Source citation: Work cat.: (OSt)4388: Gómez Osorio, Miguel, autor 1714, Asalto 16 confesiones de la centella negra : , 2009